000 00340nam a22001337a 4500
005 20160407102746.0
008 150415b xxu||||| |||| 00| 0 eng d
020 _a0072232307
020 _a9780071599856
041 0 _aeng
080 _a004.42
245 1 0 _aMicrosoft office PowerPoint 2003/
_cCarole B.Matthews;
942 _2udc
_cBK
999 _c698
_d698